Catálogo público

Cien años de soledad / (Record no. 208230)

MARC details
000 -CABECERA
campo de control de longitud fija 00774nam a2200289Ia 4500
001 - NÚMERO DE CONTROL
campo de control Para_9556
003 - IDENTIFICADOR DEL NÚMERO DE CONTROL
campo de control CHAP
008 - DATOS DE LONGITUD FIJA--INFORMACIÓN GENERAL
campo de control de longitud fija 220125s2007 xx 000 0 und d
010 ## - NÚMERO DE CONTROL DE LA BIBLIOTECA DEL CONGRESO
Número de control de LC 208230
040 ## - FUENTE DE LA CATALOGACIÓN
Centro/agencia transcriptor CHAP
082 ## - NÚMERO DE LA CLASIFICACIÓN DECIMAL DEWEY
Número de clasificación 808.3 G3
100 ## - ENTRADA PRINCIPAL--NOMBRE DE PERSONA
Nombre de persona García Márquez, Gabriel
9 (RLIN) 46307
245 ## - MENCIÓN DE TÍTULO
Título Cien años de soledad /
Mención de responsabilidad, etc. por Gabriel García Márquez
250 ## - MENCIÓN DE EDICIÓN
Mención de edición Edición conmemorativa
260 ## - PUBLICACIÓN, DISTRIBUCIÓN, ETC.
Lugar de publicación, distribución, etc. Colombia :
Nombre del editor, distribuidor, etc. Diana
300 ## - DESCRIPCIÓN FÍSICA
Extensión 609 p.
650 ## - PUNTO DE ACCESO ADICIONAL DE MATERIA--TÉRMINO DE MATERIA
Término de materia o nombre geográfico como elemento de entrada Literatura Colombiana
9 (RLIN) 67122
650 ## - PUNTO DE ACCESO ADICIONAL DE MATERIA--TÉRMINO DE MATERIA
Término de materia o nombre geográfico como elemento de entrada Literatura Latinoamericana
9 (RLIN) 67135
650 ## - PUNTO DE ACCESO ADICIONAL DE MATERIA--TÉRMINO DE MATERIA
Término de materia o nombre geográfico como elemento de entrada Novela Colombiana
9 (RLIN) 82016
901 ## - ELEMENTOS DE DATOS A LOCAL LDA (RLIN)
a 808.3 G3
902 ## - ELEMENTOS DE DATOS B LOCAL, LDB (RLIN)
a M
905 ## - ELEMENTOS DE DATOS E LOCAL, LDE (RLIN)
a 0000002007 0000000000 00
910 ## - DATOS DE OPCIÓN DEL USUARIO (OCLC)
Datos de opción del usuario 2007
942 ## - ELEMENTOS DE PUNTO DE ACCESO ADICIONAL (KOHA)
Tipo de ítem Koha Parasitologia_
942 ## - ELEMENTOS DE PUNTO DE ACCESO ADICIONAL (KOHA)
Tipo de ítem Koha Parasitologia_
-- 1
Holdings
Estado de retiro Estado de pérdida Fuente del sistema de clasificación o colocación Estado dañado No para préstamo Código de colección Localización permanente Ubicación/localización actual Ubicación en estantería Fecha de adquisición Información codificada de la localización en otra ubicación Total de préstamos Código de barras Fecha visto por última vez Número de copia Precio válido a partir de Tipo de ítem Koha Nota pública Especificación de materiales (volumen encuadernado u otra parte) Signatura topográfica completa
    Dewey Decimal Classification     General Parasitologia Agricola Parasitologia Agricola   20/05/2009 PARA   PA_09492 25/01/2022 1 25/01/2022 Libro 3    
Material descartado   Dewey Decimal Classification       Parasitologia Agricola Parasitologia Agricola   11/08/2025       11/08/2025   11/08/2025 Parasitologia_   Material Extraviado 808.3 G3